[Event "Ruhrgebiet Verbandsliga Gruppe 2 1819"]
[White "Garbuz, Vitaliy"]
[Black "Frohne, Gerd"]
[Site "Nordrheinwestfalen"]
[Round "1.3"]
[Result "1-0"]
[Date "2018.09.23"]
[WhiteElo "2146"]
[BlackElo "2041"]
[PlyCount "67"]
[EventDate "2018.09.23"]
[EventType "team-tourn"]
[EventRounds "9"]
[EventCountry "GER"]
[SourceTitle "EXT 2022"]
[Source "ChessBase"]
[SourceDate "2021.10.06"]
[SourceVersion "1"]
[SourceVersionDate "2021.10.06"]
[SourceQuality "1"]
[WhiteTeam "Brackel SF III"]
[BlackTeam "Gladbeck SG"]
[WhiteTeamCountry "GER"]
[BlackTeamCountry "GER"]

1. e4 e6 2. d4 d5 3. Nd2 Nf6 4. e5 Nfd7 5. f4 c5 6. c3 Nc6 7. Ndf3 Qb6 8. g3 Be7 9. Kf2 f6 10. Kg2 0-0 11. Bd3 cxd4 12. cxd4 f5 13. Ne2 Ndb8 14. h3 Bd7 15. g4 Na6 16. a3 Nc7 17. b4 Nd8 18. Nc3 Rc8 19. Bd2 Nf7 20. b5 a6 21. Na4 Qa7 22. b6 Bxa4 23. Qxa4 Qxb6 24. gxf5 Nh6 25. Qd7 Qb3 26. Bb1 Qb5 27. Qxe7 Qe2+ 28. Kg3 Nxf5+ 29. Bxf5 exf5 30. Rhe1 Qd3 31. Re3 Qb5 32. Rc1 Rf7 33. Qc5 Re8 34. Qxb5 1-0

[Event "Ruhrgebiet Verbandsliga Gruppe 2 1718"]
[White "Frohne, Gerd"]
[Black "Voss, Hubertus"]
[Site "Germany"]
[Round "3.2"]
[Result "0-1"]
[Date "2017.11.05"]
[WhiteElo "2064"]
[BlackElo "2089"]
[PlyCount "114"]
[EventDate "2017.09.17"]
[EventType "team-tourn"]
[EventRounds "9"]
[EventCountry "GER"]
[SourceTitle "EXT 2022"]
[Source "ChessBase"]
[SourceDate "2021.10.06"]
[SourceVersion "1"]
[SourceVersionDate "2021.10.06"]
[SourceQuality "1"]
[WhiteTeam "Gladbeck SG"]
[BlackTeam "Hamm SV"]
[WhiteTeamCountry "GER"]
[BlackTeamCountry "GER"]

1. d4 d5 2. c4 c6 3. Nf3 Nf6 4. Nc3 e6 5. Bg5 h6 6. Bh4 Nbd7 7. cxd5 exd5 8. e3 Be7 9. Qc2 0-0 10. Bd3 Re8 11. 0-0 Ne4 12. Bxe7 Qxe7 13. b4 a5 14. b5 Nxc3 15. Qxc3 c5 16. dxc5 Nxc5 17. Rac1 b6 18. Nd4 Bd7 19. Bf5 Be6 20. Rfd1 Rac8 21. Bxe6 fxe6 22. Nc6 Qf6 23. Qd4 Qf8 24. f3 Kh8 25. Ne5 Qf6 26. h4 Rc7 27. h5 Rec8 28. Nc6 Nd7 29. Rb1 Qg5 30. Kf2 Rf8 31. Rh1 Nc5 32. Qh4 Ne4+ 33. Kg1 Qxe3+ 34. Kh2 Rf4 35. Qd8+ Kh7 36. fxe4 Qf2 37. Rb3 Rcf7 38. Ne7 Rh4+ 39. Rh3 Qf4+ 40. Kg1 Qf1+ 41. Kh2 Rxh3+ 42. Kxh3 Qxh1+ 43. Kg3 Qe1+ 44. Kh3 Rxe7 45. Qxe7 Qxe4 46. Qd6 d4 47. Qxb6 d3 48. Qxa5 Qd5 49. Qd2 Qxh5+ 50. Kg3 Qxb5 51. a4 Qxa4 52. Qxd3+ g6 53. Qd6 Qe8 54. Qc7+ Kg8 55. Qf4 Qf8 56. Qc7 g5 57. Kh3 Qf5+ 0-1

[Event "Ruhrgebiet Verbandsliga Gruppe 2 1617"]
[White "Frohne, Gerd"]
[Black "Prueske, Wolfgang"]
[Site "Germany"]
[Round "6.3"]
[Result "0-1"]
[Date "2017.01.29"]
[WhiteElo "2030"]
[BlackElo "2023"]
[PlyCount "72"]
[EventDate "2016.09.04"]
[EventType "team-tourn"]
[EventRounds "9"]
[EventCountry "GER"]
[SourceTitle "EXT 2022"]
[Source "ChessBase"]
[SourceDate "2021.10.06"]
[SourceVersion "1"]
[SourceVersionDate "2021.10.06"]
[SourceQuality "1"]
[WhiteTeam "Gladbeck SG"]
[BlackTeam "Dortmund Hansa II"]
[WhiteTeamCountry "GER"]
[BlackTeamCountry "GER"]

1. d4 d5 2. c4 Nc6 3. Nf3 Bg4 4. cxd5 Bxf3 5. gxf3 Qxd5 6. e3 e5 7. Nc3 Bb4 8. Bd2 Bxc3 9. bxc3 exd4 10. cxd4 Nge7 11. Rb1 b6 12. Rg1 g6 13. f4 Qxa2 14. Qc1 Qe6 15. Bg2 Rd8 16. Kf1 0-0 17. Rb5 a6 18. Rb2 a5 19. f5 Qd6 20. Rc2 Nb4 21. Bxb4 axb4 22. fxg6 hxg6 23. Qb2 c5 24. Rc4 Qe6 25. d5 Nxd5 26. Bxd5 Rxd5 27. Rh4 Qe5 28. Qc2 Rd6 29. Rg3 Rfd8 30. Rgh3 Rd1+ 31. Kg2 Qg5+ 32. Kf3 Qd5+ 33. Qe4 Qxe4+ 34. Kxe4 b3 35. Ke5 Re8+ 36. Kf4 Kf8 0-1

[Event "Ruhrgebiet Verbandsliga Gruppe 1 1415"]
[White "Kuznetsov, Volodymyr"]
[Black "Frohne, Gerd"]
[Site "Germany"]
[Round "9.2"]
[Result "1-0"]
[Date "2015.04.26"]
[WhiteElo "2145"]
[BlackElo "2109"]
[PlyCount "137"]
[EventDate "2014.09.21"]
[EventType "team-tourn"]
[EventRounds "9"]
[EventCountry "GER"]
[SourceTitle "EXT 2022"]
[Source "ChessBase"]
[SourceDate "2021.10.06"]
[SourceVersion "1"]
[SourceVersionDate "2021.10.06"]
[SourceQuality "1"]
[WhiteTeam "Bochum-Linden"]
[BlackTeam "Gladbeck SG"]
[WhiteTeamCountry "GER"]
[BlackTeamCountry "GER"]

1. Nf3 d5 2. g3 Nf6 3. Bg2 e6 4. d4 Be7 5. 0-0 0-0 6. Nbd2 b6 7. c4 Bb7 8. b3 Nbd7 9. Bb2 c5 10. Rc1 Rc8 11. e3 Rc7 12. Qe2 Qa8 13. dxc5 Bxc5 14. Ne5 Rfc8 15. Rfd1 Be7 16. Nxd7 Rxd7 17. cxd5 Bxd5 18. Bxd5 Rxd5 19. Nc4 Rcd8 20. Bd4 Qb8 21. Rd2 e5 22. Bb2 Rxd2 23. Nxd2 b5 24. Nf3 Bd6 25. Rd1 Re8 26. Qd2 Bc7 27. Rc1 Qb7 28. Qe2 a6 29. Rc5 Ne4 30. Rc2 f6 31. Nd2 Ng5 32. h4 Ne6 33. Qg4 Kh8 34. Ne4 Bb8 35. Rd2 Qe7 36. Qf5 Rf8 37. Ba3 b4 38. Bb2 g6 39. Qh3 f5 40. Ng5 Nxg5 41. hxg5 Rd8 42. Rxd8+ Qxd8 43. Qf1 Qd2 44. Qxa6 Qxb2 45. Qc8+ Kg7 46. Qxb8 Qc3 47. Qa7+ Kg8 48. Qa4 Qc5 49. Qe8+ Kg7 50. Qd7+ Kg8 51. Qe6+ Kg7 52. Qc4 Qd6 53. Kg2 e4 54. Qd4+ Qxd4 55. exd4 h5 56. gxh6+ Kxh6 57. f3 exf3+ 58. Kxf3 g5 59. Ke3 Kg6 60. d5 Kf6 61. Kd4 g4 62. d6 f4 63. gxf4 Ke6 64. f5+ Kxd6 65. Ke4 g3 66. Kf3 g2 67. Kxg2 Ke5 68. Kg3 Kxf5 69. Kf3 1-0

[Event "Ruhrgebiet Verbandsliga Gruppe 1 1415"]
[White "Schulz, Hartmut"]
[Black "Frohne, Gerd"]
[Site "Germany"]
[Round "7.2"]
[Result "1/2-1/2"]
[Date "2015.03.01"]
[WhiteElo "2055"]
[BlackElo "2134"]
[PlyCount "118"]
[EventDate "2014.09.21"]
[EventType "team-tourn"]
[EventRounds "9"]
[EventCountry "GER"]
[SourceTitle "EXT 2022"]
[Source "ChessBase"]
[SourceDate "2021.10.06"]
[SourceVersion "1"]
[SourceVersionDate "2021.10.06"]
[SourceQuality "1"]
[WhiteTeam "Brambauer"]
[BlackTeam "Gladbeck SG"]
[WhiteTeamCountry "GER"]
[BlackTeamCountry "GER"]

1. d4 d5 2. Nf3 Nf6 3. Bf4 c5 4. e3 Nc6 5. c3 Qb6 6. Qc2 cxd4 7. exd4 Bf5 8. Qb3 e6 9. Nbd2 Be7 10. Be2 0-0 11. 0-0 Nd7 12. h3 f6 13. Nh4 Qxb3 14. axb3 Bc2 15. Rfc1 g5 16. Rxc2 gxf4 17. b4 Rfc8 18. Rcc1 Nd8 19. Re1 Nf8 20. Bh5 Rc7 21. Ra2 Nf7 22. Rea1 b6 23. Ra6 Nd7 24. Re1 Nf8 25. Rea1 Nd7 26. Re1 Nf8 27. Rea1 Nd6 28. Rxb6 Nd7 29. Rba6 f5 30. Be2 Nb8 31. Nhf3 Nxa6 32. Rxa6 Rb8 33. Nb3 Rb6 34. Ra2 Nf7 35. Nc5 Bf6 36. Bd1 Be7 37. Bb3 Kg7 38. Kf1 Kf6 39. Ba4 Bxc5 40. dxc5 Rb8 41. Nd4 a6 42. Bc2 Ra8 43. Ra5 Ne5 44. Ra2 Nc6 45. Nb3 Raa7 46. Bd3 Nb8 47. Ra1 e5 48. Ke1 Re7 49. Bf1 Rec7 50. Kd2 Ke6 51. Be2 Kf6 52. Bf1 Rg7 53. Na5 Ke6 54. Nb3 Rgc7 55. Be2 Kf6 56. Bf1 h6 57. Be2 Rg7 58. Bf1 Ke6 59. Na5 Rgc7 1/2-1/2

[Event "Ruhrgebiet Verbandsliga Gruppe 1 1415"]
[White "Frohne, Gerd"]
[Black "Quast, Marcel"]
[Site "Germany"]
[Round "4"]
[Result "0-1"]
[Date "2014.12.14"]
[WhiteElo "2149"]
[BlackElo "2113"]
[PlyCount "190"]
[EventDate "2014.09.21"]
[EventType "team-tourn"]
[EventRounds "9"]
[EventCountry "GER"]
[SourceTitle "EXT 2022"]
[Source "ChessBase"]
[SourceDate "2021.10.06"]
[SourceVersion "1"]
[SourceVersionDate "2021.10.06"]
[SourceQuality "1"]
[WhiteTeam "Gladbeck SG"]
[BlackTeam "Gerthe Werne"]
[WhiteTeamCountry "GER"]
[BlackTeamCountry "GER"]

1. d4 Nf6 2. c4 c5 3. d5 b5 4. cxb5 a6 5. bxa6 g6 6. Nc3 Bxa6 7. Nf3 d6 8. e4 Bxf1 9. Kxf1 Bg7 10. g3 0-0 11. Kg2 Nbd7 12. a4 Qa5 13. Bd2 Qb4 14. Qe2 Nb6 15. a5 Rxa5 16. Rxa5 Qxa5 17. Rd1 Qa8 18. Ne1 Na4 19. Nc2 Nd7 20. Qb5 Nxc3 21. Bxc3 Bxc3 22. bxc3 Nf6 23. Ra1 Qb8 24. Qxb8 Rxb8 25. Kf3 Nd7 26. Ke2 Rb2 27. Kd1 Ne5 28. f4 Ng4 29. Kc1 Rb3 30. Ra3 Rxa3 31. Nxa3 Nf6 32. e5 dxe5 33. fxe5 Nxd5 34. Kd2 Nb6 35. Kd3 Kf8 36. Nc4 Nd7 37. Ke4 e6 38. Kf4 h6 39. h4 Ke7 40. Ne3 Nb6 41. Ke4 h5 42. c4 Nd7 43. Kf4 Nb6 44. Kg5 Na4 45. Nd1 Ke8 46. Kf4 Kf8 47. Ke4 Nb6 48. Nb2 Ke7 49. Nd3 Nxc4 50. Nxc5 f6 51. exf6+ Kxf6 52. Nd7+ Ke7 53. Nc5 Nd6+ 54. Ke5 Nf7+ 55. Ke4 Kd6 56. Nb7+ Kd7 57. Nc5+ Ke7 58. Nd3 Kf6 59. Nc5 Nd6+ 60. Kf4 e5+ 61. Kf3 Kf5 62. Nd7 e4+ 63. Kf2 Nc4 64. Nc5 Ke5 65. Nb3 Kd5 66. Nc1 Kd4 67. Ne2+ Kd3 68. Ke1 Ke3 69. Nf4 Ne5 70. Ne6 Kf3 71. Ng5+ Kxg3 72. Nxe4+ Kxh4 73. Kf2 Kg4 74. Kg2 Nd3 75. Nf6+ Kf5 76. Ne8 Kf4 77. Nf6 Nb4 78. Kh3 Kf5 79. Ne8 Nd5 80. Nd6+ Kf4 81. Nc4 Ne3 82. Nb2 g5 83. Nd3+ Kf5 84. Kg3 Nd5 85. Nc5 Nf4 86. Nb3 h4+ 87. Kf2 g4 88. Nd2 Nd5 89. Nf1 Kf4 90. Nd2 Ne3 91. Kg1 Nf5 92. Kf2 Ng3 93. Kg2 Ne4 94. Nf1 g3 95. Kh3 Kf3 0-1

[Event "NRW Verbandsliga Group1 1314"]
[White "Frohne, Gerd"]
[Black "Sohlmann, Jan Henning"]
[Site "Nordrheinwestfalen"]
[Round "8"]
[Result "1/2-1/2"]
[Date "2014.03.09"]
[WhiteElo "2085"]
[BlackElo "2138"]
[PlyCount "135"]
[EventDate "2013.09.08"]
[EventType "team-tourn"]
[EventRounds "9"]
[EventCountry "GER"]
[SourceTitle "EXT 2020"]
[Source "ChessBase"]
[SourceDate "2019.10.17"]
[SourceVersion "1"]
[SourceVersionDate "2019.10.17"]
[SourceQuality "1"]
[WhiteTeam "Gladbeck SG"]
[BlackTeam "Welper SV"]
[WhiteTeamCountry "GER"]
[BlackTeamCountry "GER"]

1. d4 g6 2. c4 Bg7 3. e4 d6 4. Nc3 e5 5. Nge2 Nc6 6. d5 Nce7 7. Be3 f5 8. f3 Bh6 9. Bxh6 Nxh6 10. Qd2 Nf7 11. 0-0-0 Ng8 12. exf5 Bxf5 13. g4 Bd7 14. Ng3 Qg5 15. Qxg5 Nxg5 16. Bg2 0-0-0 17. h4 Nf7 18. Nce4 h6 19. Rd2 Kb8 20. Bf1 Ne7 21. Nf6 Bc8 22. Bd3 Rdf8 23. Nfe4 c6 24. Nc3 Kc7 25. Bc2 h5 26. g5 Nd8 27. c5 cxd5 28. cxd6+ Kxd6 29. Nge4+ Kc7 30. Nxd5+ Nxd5 31. Rxd5 Nc6 32. Nf6 Nb4 33. Rxe5 Nxc2 34. Kxc2 Bf5+ 35. Kc3 Rc8 36. Rhe1 Kb8+ 37. Kb3 Rhd8 38. Rd5 Rxd5 39. Nxd5 Bc2+ 40. Kb4 a5+ 41. Ka3 Rc5 42. Re8+ Ka7 43. Ne3 Bb1 44. f4 Rc1 45. Re5 Rh1 46. f5 Bxf5 47. Nxf5 gxf5 48. Rxa5+ Kb8 49. Rxf5 Rxh4 50. Rf8+ Ka7 51. Rh8 Rh3+ 52. Kb4 h4 53. a4 Rg3 54. Rxh4 Rxg5 55. b3 Rf5 56. Kc4 Rg5 57. Rd4 Rh5 58. b4 Rg5 59. Rd5 Rg6 60. a5 Rc6+ 61. Kb5 Rh6 62. Ka4 Rh4 63. Rd6 Rg4 64. Rh6 Rf4 65. Kb3 Rf3+ 66. Ka4 Rf4 67. Rb6 Rh4 68. Rd6 1/2-1/2

[Event "Ruhrgebiet Verbandsliga2 1213"]
[White "Frohne, Gerd"]
[Black "Kuipers, Dustin"]
[Site "Nordrheinwestfalen"]
[Round "5.2"]
[Result "1/2-1/2"]
[Date "2013.01.13"]
[WhiteElo "2073"]
[BlackElo "2009"]
[PlyCount "83"]
[EventDate "2012.09.02"]
[EventType "team-tourn"]
[EventRounds "9"]
[EventCountry "GER"]
[SourceTitle "EXT 2020"]
[Source "ChessBase"]
[SourceDate "2019.10.17"]
[SourceVersion "1"]
[SourceVersionDate "2019.10.17"]
[SourceQuality "1"]
[WhiteTeam "Gladbeck SG"]
[BlackTeam "Muelheim Nord III"]
[WhiteTeamCountry "GER"]
[BlackTeamCountry "GER"]

1. d4 e6 2. c4 f5 3. Nf3 Nf6 4. Nc3 b6 5. e3 Bb7 6. Bd3 Be7 7. Bd2 0-0 8. Qe2 Ne4 9. 0-0-0 a6 10. Kb1 c5 11. Ne1 Nxd2+ 12. Qxd2 cxd4 13. exd4 Nc6 14. Nc2 Bf6 15. Ne2 Rc8 16. f4 Qc7 17. Rdg1 Qd6 18. d5 Ne7 19. Ne3 e5 20. g3 e4 21. Bc2 b5 22. cxb5 Rc5 23. Bb3 Kh8 24. Nd4 g6 25. Nc4 Qb8 26. Nb6 Rd8 27. Qb4 Qc7 28. Na4 Rxd5 29. Bxd5 Nxd5 30. Qb3 Re8 31. b6 Qd6 32. Nc2 Qc6 33. Rc1 e3 34. Nxe3 Rxe3 35. Rxc6 Bxc6 36. Qc2 Nb4 37. Qd2 Be4+ 38. Kc1 Nxa2+ 39. Kd1 Bf3+ 40. Kc2 Be4+ 41. Kd1 Bf3+ 42. Kc2 1/2-1/2

[Event "Ruhrgebiet Verbandsliga2 1213"]
[White "Frohne, Gerd"]
[Black "Gerst, Michael"]
[Site "Nordrheinwestfalen"]
[Round "3.2"]
[Result "1/2-1/2"]
[Date "2012.10.28"]
[WhiteElo "2073"]
[BlackElo "1985"]
[PlyCount "95"]
[EventDate "2012.09.02"]
[EventType "team-tourn"]
[EventRounds "9"]
[EventCountry "GER"]
[SourceTitle "EXT 2020"]
[Source "ChessBase"]
[SourceDate "2019.10.17"]
[SourceVersion "1"]
[SourceVersionDate "2019.10.17"]
[SourceQuality "1"]
[WhiteTeam "Gladbeck SG"]
[BlackTeam "Oberhausen SV II"]
[WhiteTeamCountry "GER"]
[BlackTeamCountry "GER"]

1. d4 Nf6 2. c4 e6 3. Nf3 Bb4+ 4. Bd2 Qe7 5. g3 0-0 6. Nc3 b6 7. Bg2 Bb7 8. 0-0 d6 9. Rc1 Nbd7 10. d5 Bxc3 11. Bxc3 Ne4 12. Nd4 Nxc3 13. Rxc3 e5 14. Nf5 Qf6 15. e4 a5 16. Qd2 Rae8 17. g4 Bc8 18. g5 Qd8 19. Rg3 Nc5 20. Ne3 f5 21. gxf6 Rxf6 22. f3 Ref8 23. Bh3 Bxh3 24. Rxh3 Rf4 25. Rg3 Kh8 26. Qe2 Qe8 27. Qg2 g6 28. Qe2 Qf7 29. Kg2 Qf6 30. Rg4 Qe7 31. Rxf4 Rxf4 32. Kh1 Qf8 33. Ng2 Rf7 34. Ne1 Rf4 35. Nd3 Nxd3 36. Qxd3 Qf6 37. Qe2 Qf8 38. Qg2 Qf6 39. Qh3 Qf7 40. Qg2 Qf6 41. Kg1 Kg7 42. Rf2 Qh4 43. Qg3 Qf6 44. Qh3 Qe7 45. Kf1 Rh4 46. Qc8 Rf4 47. Ke2 Qf7 48. Qh3 1/2-1/2

[Event "Ruhrgebiet Verbandsliga2 1011"]
[White "Lindam, Ingo"]
[Black "Frohne, Gerd"]
[Site "Nordrheinwestfalen"]
[Round "5.2"]
[Result "1-0"]
[Date "2011.01.09"]
[WhiteElo "2048"]
[BlackElo "2039"]
[PlyCount "67"]
[EventDate "2010.09.12"]
[EventType "team-tourn"]
[EventRounds "9"]
[EventCountry "GER"]
[SourceTitle "EXT 2020"]
[Source "ChessBase"]
[SourceDate "2019.10.17"]
[SourceVersion "1"]
[SourceVersionDate "2019.10.17"]
[SourceQuality "1"]
[WhiteTeam "Dortmund FS 98"]
[BlackTeam "Gladbeck SG"]
[WhiteTeamCountry "GER"]
[BlackTeamCountry "GER"]

1. d4 e6 2. Nf3 d5 3. Bf4 Nf6 4. Nbd2 c5 5. e3 Nc6 6. c3 Nh5 7. Be5 f6 8. Bg3 Nxg3 9. hxg3 cxd4 10. exd4 g6 11. Bd3 f5 12. Qe2 Bg7 13. 0-0-0 Bd7 14. g4 fxg4 15. Nh4 Qg5 16. f4 gxf3 17. Nhxf3 Qe7 18. Rxh7 Rxh7 19. Bxg6+ Kd8 20. Bxh7 Bxd4 21. Nxd4 Nxd4 22. Qd3 Nc6 23. Rh1 Kc7 24. Qg3+ e5 25. Bg8 Qd6 26. Rd1 Ne7 27. Bf7 Bf5 28. Qg7 b5 29. Nf3 e4 30. Bxd5 Qf4+ 31. Nd2 Re8 32. Rf1 Qd6 33. Rxf5 Kb8 34. Qe5 1-0

[Event "Ruhrgebiet Verbandsliga2 1011"]
[White "Frohne, Gerd"]
[Black "Bollwerk, Markus"]
[Site "Nordrheinwestfalen"]
[Round "4"]
[Result "1/2-1/2"]
[Date "2010.12.05"]
[WhiteElo "2039"]
[BlackElo "2076"]
[PlyCount "147"]
[EventDate "2010.09.12"]
[EventType "team-tourn"]
[EventRounds "9"]
[EventCountry "GER"]
[SourceTitle "EXT 2020"]
[Source "ChessBase"]
[SourceDate "2019.10.17"]
[SourceVersion "1"]
[SourceVersionDate "2019.10.17"]
[SourceQuality "1"]
[WhiteTeam "Gladbeck SG"]
[BlackTeam "Eichlinghofen SV"]
[WhiteTeamCountry "GER"]
[BlackTeamCountry "GER"]

1. d4 g6 2. c4 Bg7 3. e4 d6 4. Nc3 Nd7 5. f3 e5 6. d5 f5 7. Bd3 Nc5 8. Bc2 a5 9. Be3 Nf6 10. exf5 gxf5 11. Qd2 0-0 12. Nge2 Bd7 13. 0-0-0 Qe8 14. Rde1 Kh8 15. Bg5 Ng8 16. h4 Rb8 17. h5 h6 18. Be3 b5 19. Bxc5 dxc5 20. cxb5 Bxb5 21. Nf4 Rf6 22. Ng6+ Rxg6 23. hxg6 Bd7 24. g4 Qxg6 25. gxf5 Qb6 26. Be4 Ne7 27. d6 Qxd6 28. Qxd6 cxd6 29. f6 Bxf6 30. Rxh6+ Kg7 31. Rh7+ Kf8 32. Rg1 Be6 33. Rh6 Kf7 34. Bg6+ Kf8 35. Ne4 Nd5 36. Nxf6 Nxf6 37. Rh8+ Bg8 38. Bh7 Kf7 39. Bxg8+ Rxg8 40. Rgxg8 Nxg8 41. Rh7+ Ke6 42. Ra7 Ne7 43. Rxa5 Nc6 44. Ra8 Nd4 45. a4 Kd5 46. a5 Kc6 47. a6 Kb6 48. a7 Kb7 49. Rd8 Kxa7 50. Rxd6 Nxf3 51. Kc2 e4 52. Rd7+ Kb6 53. Re7 Nd4+ 54. Kd2 Kb5 55. Rxe4 Kc4 56. Re3 Nb3+ 57. Kc2 Nd4+ 58. Kb1 Kb4 59. Ka2 Ka4 60. Ra3+ Kb4 61. Ra8 Kc4 62. Ra4+ Kb5 63. b3 Nc6 64. Kb2 Nd4 65. Rc4 Nc6 66. Re4 Nb4 67. Re8 Nd5 68. Rb8+ Ka5 69. Kc2 Nb6 70. Kd3 Kb5 71. Rh8 Nd5 72. Rb8+ Nb6 73. Rd8 Ka5 74. Kc3 1/2-1/2

[Event "Ruhrgebiet Regionalliga 0708"]
[White "Fiebig, Thomas"]
[Black "Frohne, Gerd"]
[Site "Germany"]
[Round "6.1"]
[Result "1-0"]
[Date "2008.02.24"]
[WhiteElo "2375"]
[BlackElo "2177"]
[PlyCount "67"]
[EventDate "2007.09.16"]
[EventType "team-tourn"]
[EventRounds "9"]
[EventCountry "GER"]
[SourceTitle "EXT 2009"]
[Source "ChessBase"]
[SourceDate "2008.11.26"]
[SourceVersion "1"]
[SourceVersionDate "2008.11.26"]
[SourceQuality "1"]
[WhiteTeam "Brackel"]
[BlackTeam "Gladbeck SG"]
[WhiteTeamCountry "GER"]
[BlackTeamCountry "GER"]

1. e4 e6 2. d4 d5 3. e5 c5 4. c3 Qb6 5. Nf3 Nc6 6. a3 c4 7. Nbd2 f6 8. Be2 fxe5 9. Nxe5 Bd6 10. f4 Nf6 11. g4 0-0 12. g5 Nd7 13. Ndf3 Ndxe5 14. fxe5 Be7 15. Qc2 Bd7 16. g6 h6 17. Be3 Na5 18. 0-0 Rf5 19. Bd1 Nc6 20. Qg2 Nxe5 21. Nxe5 Rxe5 22. Re1 Rf5 23. Bc2 Rh5 24. Rab1 Bg5 25. Bf2 Bd2 26. Rf1 Bf4 27. h4 e5 28. Qf3 Rf5 29. Qxd5+ Be6 30. Qg2 Rd8 31. dxe5 Be3 32. Bxf5 Bxf5 33. Rbe1 Bxf2+ 34. Rxf2 1-0

[Event "Ruhrgebiet Regionalliga 0708"]
[White "Van der Wiel, John"]
[Black "Frohne, Gerd"]
[Site "Germany"]
[Round "4.1"]
[Result "1-0"]
[Date "2007.12.16"]
[WhiteElo "2487"]
[BlackElo "2177"]
[PlyCount "47"]
[EventDate "2007.09.16"]
[EventType "team-tourn"]
[EventRounds "9"]
[EventCountry "GER"]
[SourceTitle "EXT 2009"]
[Source "ChessBase"]
[SourceDate "2008.11.26"]
[SourceVersion "1"]
[SourceVersionDate "2008.11.26"]
[SourceQuality "1"]
[WhiteTeam "Uberruhr"]
[BlackTeam "Gladbeck SG"]
[WhiteTeamCountry "GER"]
[BlackTeamCountry "GER"]

1. e4 e6 2. d4 d5 3. Nd2 Nf6 4. e5 Nfd7 5. c3 c5 6. f4 Nc6 7. Ndf3 Qb6 8. a3 f6 9. Bd3 Be7 10. b4 cxd4 11. cxd4 0-0 12. Bb2 Nd8 13. Ne2 Nf7 14. Qc2 f5 15. h3 Rd8 16. g4 g6 17. Nc3 Nf8 18. Rc1 Bd7 19. Qg2 Kh8 20. Rg1 Rac8 21. Kd2 a5 22. b5 a4 23. Ke3 Rc4 24. gxf5 1-0

[Event "Ruhrgebiet Regionalliga 0708"]
[White "Frohne, Gerd"]
[Black "Happel, Heiner"]
[Site "Germany"]
[Round "3.1"]
[Result "1/2-1/2"]
[Date "2007.11.25"]
[WhiteElo "2177"]
[BlackElo "2247"]
[PlyCount "113"]
[EventDate "2007.09.16"]
[EventType "team-tourn"]
[EventRounds "9"]
[EventCountry "GER"]
[SourceTitle "EXT 2009"]
[Source "ChessBase"]
[SourceDate "2008.11.26"]
[SourceVersion "1"]
[SourceVersionDate "2008.11.26"]
[SourceQuality "1"]
[WhiteTeam "Gladbeck SG"]
[BlackTeam "Hamm "]
[WhiteTeamCountry "GER"]
[BlackTeamCountry "GER"]

1. d4 Nf6 2. c4 c5 3. d5 e5 4. Nc3 d6 5. e4 Be7 6. Bd3 0-0 7. h3 Ne8 8. Nf3 a6 9. 0-0 Nd7 10. Rb1 g6 11. Bh6 Ng7 12. g4 Nf6 13. Kg2 Kh8 14. Nh2 Ng8 15. Bd2 b6 16. f4 exf4 17. Bxf4 Bg5 18. Qd2 Bxf4 19. Qxf4 f6 20. b4 g5 21. Qf2 Qe7 22. Nf3 Rd8 23. bxc5 bxc5 24. Qe3 Ne8 25. e5 fxe5 26. Nxg5 Nef6 27. Nce4 Rf8 28. Ng3 h6 29. N5e4 Ra7 30. Nxf6 Rxf6 31. Rxf6 Qxf6 32. Bf5 Bxf5 33. Nxf5 h5 34. Rb6 hxg4 35. hxg4 Qg6 36. Kg3 Nf6 37. Qh6+ Qxh6 38. Nxh6 Rg7 39. Kf3 Kh7 40. Nf5 Rxg4 41. Nxd6 Rf4+ 42. Ke2 a5 43. Rb5 Ng4 44. Rxa5 e4 45. Rxc5 Rf2+ 46. Ke1 e3 47. Ne4 Rxa2 48. Rc7+ Kg6 49. Re7 Rc2 50. d6 Nh2 51. d7 Nf3+ 52. Kd1 Ra2 53. Nc3 Rd2+ 54. Kc1 Nd4 55. d8Q Nb3+ 56. Kb1 Rxd8 57. Rxe3 1/2-1/2

[Event "Ruhrgebiet-ch"]
[White "Waldschmidt, Georg"]
[Black "Frohne, Gerd"]
[Site "Muelheim"]
[Round "4"]
[Result "1-0"]
[Date "2007.06.07"]
[WhiteElo "2093"]
[BlackElo "2145"]
[PlyCount "75"]
[EventDate "2007.06.01"]
[EventType "swiss"]
[EventRounds "7"]
[EventCountry "GER"]
[SourceTitle "EXT 2008"]
[Source "ChessBase"]
[SourceDate "2007.11.25"]
[SourceVersion "1"]
[SourceVersionDate "2007.11.25"]
[SourceQuality "1"]

1. e4 e6 2. d4 d5 3. e5 c5 4. c3 Qb6 5. Nf3 Nc6 6. Be2 Nh6 7. Bd3 cxd4 8. cxd4 Bd7 9. Bc2 Nb4 10. Bxh6 gxh6 11. 0-0 Nxc2 12. Qxc2 Rc8 13. Nc3 Bg7 14. Qd2 0-0 15. Rfe1 f6 16. exf6 Rxf6 17. Ne5 Be8 18. Re2 h5 19. Rae1 Bh6 20. Qd3 a6 21. Qg3+ Kf8 22. Qh4 Rf4 23. Qh3 Rxd4 24. Nf3 Bf7 25. Nxd4 Qxd4 26. Rxe6 Qd2 27. R6e2 Rxc3 28. bxc3 Qf4 29. Qc8+ Kg7 30. Qxb7 Bg5 31. Qxa6 h4 32. Qd3 Bf6 33. h3 Qd6 34. a4 Qc5 35. Re5 Qa3 36. Qd4 Qb2 37. Rg5+ Kf8 38. Qxf6 1-0

[Event "Ruhrgebiet-ch"]
[White "Frohne, Gerd"]
[Black "Woestmann, Ulrich"]
[Site "Muelheim"]
[Round "3"]
[Result "1-0"]
[Date "2007.06.03"]
[WhiteElo "2145"]
[BlackElo "1966"]
[PlyCount "81"]
[EventDate "2007.06.01"]
[EventType "swiss"]
[EventRounds "7"]
[EventCountry "GER"]
[SourceTitle "EXT 2008"]
[Source "ChessBase"]
[SourceDate "2007.11.25"]
[SourceVersion "1"]
[SourceVersionDate "2007.11.25"]
[SourceQuality "1"]

1. d4 Nf6 2. c4 g6 3. Nc3 d5 4. cxd5 Nxd5 5. e4 Nxc3 6. bxc3 Bg7 7. Bc4 c5 8. Ne2 0-0 9. 0-0 Nc6 10. Be3 cxd4 11. cxd4 Bg4 12. f3 Na5 13. Bd3 Be6 14. d5 Bxa1 15. Qxa1 f6 16. Qd4 Bf7 17. Bh6 e5 18. dxe6 Bxe6 19. Bxf8 Kxf8 20. Qc5+ Kg7 21. Nf4 Bf7 22. Rc1 Nc6 23. Bc4 Qb6 24. Ne6+ Kg8 25. Bd5 Nd8 26. Qxb6 axb6 27. Nf4 Nc6 28. Rb1 g5 29. Nh5 Bxd5 30. Nxf6+ Kf7 31. Nxd5 Rxa2 32. Rxb6 Ra7 33. Kf2 Ne5 34. Kg3 Nd7 35. Rh6 Kg7 36. Re6 b5 37. Re7+ Kg6 38. Nb6 b4 39. Rxd7 Rxd7 40. Nxd7 b3 41. Ne5+ 1-0